000
00318nam a22001337a 4500
020
_a
0-550-18019-2
082
_a
503 DIC'C
100
_a
DOBSON, A.B,COLLOCOTT, T.C
_9
75318
245
_a
DICTIONARY OF SCIENCE AND TECHNOLOGY
250
_a
REVISED
260
_a
NEWYORK
_b
W & R
_c
1982
300
_a
1328P
942
_c
BK
999
_c
580758
_d
580758